| 000 | 00395nam a22001217a 4500 | ||
|---|---|---|---|
| 082 | _a200 THE | ||
| 100 |
_aHanny Tufail _969733 |
||
| 245 | _aTH-SOF-1615-A Model-Driven Framework for Process Control Alarms with Mobile Client Support | ||
| 260 |
_aISLAMABAD _bNUST COLLEGE OF EME _c2018 |
||
| 650 |
_aMS-CSE-16 MSTHESIS ABSTRACT. _969734 |
||
| 700 | _aSupervisor Dr. Farooque Azam | ||
| 942 | _cCF | ||
| 999 |
_c576881 _d576881 |
||